The practice of public relations

Bibliographic Details
Main Author: Seitel, Fraser P.
Other Authors: Rockefeler, David
Format: Book
Published: New Jersey : Pearson Prentice Hall , 2001
Edition:Tenth ed.
Subjects:

MARC

LEADER 00000cam a2200000 7i4500
001 0000027256
005 20091020.0
008 090825
020 |a 0132304511 
090 0 0 |a 659.2   |b SEI 
100 1 |a Seitel, Fraser P. 
245 1 4 |a The practice of public relations   |c Fraser P. Seitel 
250 |a Tenth ed. 
260 |a New Jersey :   |b Pearson Prentice Hall ,   |c 2001 
650 0 |a Public relations   |z United States 
700 1 |a Rockefeler, David 
999 |a 0001055563   |b Book   |c REFERENCE   |e Perbadanan Perpustakaan Awam Johor